[Event "45th FIDE Chess Olympiad Open"]
[Site "Budapest, Hungary"]
[Date "2024.09.20"]
[Round "9"]
[White "Korobov, Anton"]
[Black "Jobava, Baadur"]
[Result "1-0"]
[Board "31"]
[WhiteFideId "14105730"]
[BlackFideId "13601520"]
[WhiteTitle "GM"]
[BlackTitle "GM"]
[WhiteElo "2650"]
[BlackElo "2582"]
[WhiteTeam "Ukraine"]
[BlackTeam "Georgia"]
[WhiteClock "0:29:33"]
[BlackClock "0:01:38"]
[Variant "Standard"]

1. d4 {[%clk 1:30:58]}  d5 {[%clk 1:30:40]} 2. Nf3 {[%clk 1:31:21]}  c6 {[%clk 1:30:30]} 3. c4 {[%clk 1:31:38]}  Nf6 {[%clk 1:30:51]} 4. e3 {[%clk 1:32:02]}  Bg4 {[%clk 1:29:40]} 5. h3 {[%clk 1:31:48]}  Bh5 {[%clk 1:22:02]} 6. Nc3 {[%clk 1:30:11]}  e6 {[%clk 1:22:16]} 7. g4 {[%clk 1:30:30]}  Bg6 {[%clk 1:22:40]} 8. Ne5 {[%clk 1:30:56]}  Bb4 {[%clk 1:22:55]} 9. Nxg6 {[%clk 1:26:51]}  hxg6 {[%clk 1:23:17]} 10. Bg2 {[%clk 1:26:53]}  Nbd7 {[%clk 1:14:37]} 11. Bd2 {[%clk 1:15:32]}  Nb6 {[%clk 1:09:41]} 12. cxd5 {[%clk 1:04:53]}  cxd5 {[%clk 1:01:45]} 13. Qb3 {[%clk 0:57:09]}  Be7 {[%clk 0:58:30]} 14. Qb5+ {[%clk 0:56:09]}  Kf8 {[%clk 0:55:50]} 15. b3 {[%clk 0:55:41]}  a6 {[%clk 0:47:48]} 16. Qd3 {[%clk 0:54:55]}  Nc8 {[%clk 0:46:01]} 17. O-O {[%clk 0:50:19]}  Nd6 {[%clk 0:43:38]} 18. f3 {[%clk 0:47:58]}  Qb6 {[%clk 0:15:25]} 19. e4 {[%clk 0:45:31]}  Nb5 {[%clk 0:15:34]} 20. Nxb5 {[%clk 0:42:51]}  Qxb5 {[%clk 0:08:35]} 21. Qxb5 {[%clk 0:42:42]}  axb5 {[%clk 0:09:01]} 22. a4 {[%clk 0:39:42]}  dxe4 {[%clk 0:04:00]} 23. fxe4 {[%clk 0:39:27]}  e5 {[%clk 0:01:35]} 24. axb5 {[%clk 0:38:44]}  Rd8 {[%clk 0:02:02]} 25. Rfc1 {[%clk 0:36:25]}  Ne8 {[%clk 0:01:20]} 26. Ra7 {[%clk 0:31:12]}  Rxd4 {[%clk 0:01:45]} 27. Be3 {[%clk 0:31:36]}  Rd3 {[%clk 0:00:56]} 28. Bf2 {[%clk 0:31:40]}  Rd7 {[%clk 0:00:36]} 29. Rc8 {[%clk 0:31:17]}  Bd6 {[%clk 0:00:43]} 30. b6 {[%clk 0:30:33]}  Re7 {[%clk 0:00:37]} 31. Raa8 {[%clk 0:30:07]}  f5 {[%clk 0:00:35]} 32. g5 {[%clk 0:28:45]}  Kf7 {[%clk 0:00:32]} 33. Bf1 {[%clk 0:29:05]}  fxe4 {[%clk 0:00:43]} 34. Bc4+ {[%clk 0:29:09]}  Kf8 {[%clk 0:01:11]} 35. Kg2 {[%clk 0:29:14]}  Rh5 {[%clk 0:01:25]} 36. Be3 {[%clk 0:29:28]}  Rh4 {[%clk 0:01:38]} 37. Bb5 {[%clk 0:29:33]} 1-0

[Event "45th FIDE Chess Olympiad Open"]
[Site "Budapest, Hungary"]
[Date "2024.09.20"]
[Round "9"]
[White "Pantsulaia, Levan"]
[Black "Onyshchuk, Volodymyr"]
[Result "0-1"]
[Board "32"]
[WhiteFideId "13602071"]
[BlackFideId "14114038"]
[WhiteTitle "GM"]
[BlackTitle "GM"]
[WhiteElo "2516"]
[BlackElo "2610"]
[WhiteTeam "Georgia"]
[BlackTeam "Ukraine"]
[WhiteClock "0:21:05"]
[BlackClock "0:11:35"]
[Variant "Standard"]

1. Nf3 {[%clk 1:30:53]}  Nf6 {[%clk 1:30:48]} 2. g3 {[%clk 1:31:09]}  g6 {[%clk 1:31:12]} 3. Bg2 {[%clk 1:31:32]}  Bg7 {[%clk 1:31:26]} 4. c4 {[%clk 1:31:40]}  O-O {[%clk 1:31:07]} 5. O-O {[%clk 1:31:53]}  d6 {[%clk 1:30:51]} 6. Nc3 {[%clk 1:31:43]}  e5 {[%clk 1:30:16]} 7. d3 {[%clk 1:30:35]}  Nc6 {[%clk 1:30:17]} 8. Rb1 {[%clk 1:30:22]}  a5 {[%clk 1:30:12]} 9. a3 {[%clk 1:30:44]}  Re8 {[%clk 1:29:58]} 10. Bg5 {[%clk 1:30:40]}  h6 {[%clk 1:30:12]} 11. Bxf6 {[%clk 1:31:00]}  Bxf6 {[%clk 1:30:35]} 12. Nd2 {[%clk 1:31:07]}  Bg7 {[%clk 1:30:32]} 13. c5 {[%clk 1:31:15]}  Nd4 {[%clk 1:10:13]} 14. cxd6 {[%clk 1:30:49]}  Qxd6 {[%clk 1:10:16]} 15. e3 {[%clk 1:29:56]}  Nf5 {[%clk 1:10:09]} 16. Nc4 {[%clk 1:29:25]}  Qd8 {[%clk 1:09:06]} 17. Qc2 {[%clk 1:20:07]}  h5 {[%clk 1:02:36]} 18. b4 {[%clk 1:18:58]}  axb4 {[%clk 1:02:24]} 19. axb4 {[%clk 1:19:22]}  h4 {[%clk 1:00:59]} 20. Ra1 {[%clk 1:12:48]}  Rxa1 {[%clk 1:00:04]} 21. Rxa1 {[%clk 1:13:12]}  h3 {[%clk 0:58:01]} 22. Bh1 {[%clk 1:12:19]}  c6 {[%clk 0:50:37]} 23. b5 {[%clk 0:55:20]}  e4 {[%clk 0:41:35]} 24. Bxe4 {[%clk 0:30:27]}  cxb5 {[%clk 0:40:16]} 25. Nb2 {[%clk 0:30:50]}  Qf6 {[%clk 0:32:57]} 26. Ncd1 {[%clk 0:28:20]}  Nd6 {[%clk 0:30:17]} 27. Ra8 {[%clk 0:25:14]}  Kh7 {[%clk 0:27:03]} 28. Bh1 {[%clk 0:23:44]}  Qg5 {[%clk 0:16:44]} 29. Kf1 {[%clk 0:14:56]}  Qh5 {[%clk 0:14:15]} 30. Ke1 {[%clk 0:13:14]}  Qg4 {[%clk 0:11:11]} 31. Qc5 {[%clk 0:10:59]}  Bf8 {[%clk 0:11:10]} 32. Qc7 {[%clk 0:07:22]}  Be6 {[%clk 0:07:46]} 33. Rxe8 {[%clk 0:07:13]}  Nxe8 {[%clk 0:07:55]} 34. Qxb7 {[%clk 0:02:38]}  Qb4+ {[%clk 0:08:00]} 35. Ke2 {[%clk 0:03:08]}  Qb3 {[%clk 0:07:34]} 36. Qc6 {[%clk 0:02:39]}  Ba3 {[%clk 0:07:06]} 37. Qc1 {[%clk 0:01:13]}  Nf6 {[%clk 0:06:39]} 38. Bf3 {[%clk 0:01:42]}  Nd7 {[%clk 0:06:31]} 39. Qd2 {[%clk 0:00:54]}  Ne5 {[%clk 0:05:42]} 40. Be4 {[%clk 0:00:57]}  Ng4 {[%clk 0:03:12]} 41. f3 {[%clk 0:27:40]}  Nxh2 {[%clk 0:20:15]} 42. Kf2 {[%clk 0:25:27]}  f5 {[%clk 0:15:25]} 43. Bb7 {[%clk 0:20:51]}  Bd5 {[%clk 0:15:23]} 44. Bxd5 {[%clk 0:21:16]}  Qxd5 {[%clk 0:15:50]} 45. Qe2 {[%clk 0:21:40]}  Bxb2 {[%clk 0:13:27]} 46. Nxb2 {[%clk 0:21:47]}  g5 {[%clk 0:13:48]} 47. Nd1 {[%clk 0:21:22]}  g4 {[%clk 0:13:53]} 48. e4 {[%clk 0:21:11]}  Qc5+ {[%clk 0:12:16]} 49. Qe3 {[%clk 0:20:25]}  Qc2+ {[%clk 0:11:34]} 50. Qe2 {[%clk 0:20:49]}  Qxe2+ {[%clk 0:11:38]} 51. Kxe2 {[%clk 0:21:15]}  Nxf3 {[%clk 0:12:01]} 52. exf5 {[%clk 0:21:09]}  Nd4+ {[%clk 0:11:49]} 53. Kf2 {[%clk 0:20:40]}  Nxf5 {[%clk 0:12:07]} 54. d4 {[%clk 0:21:05]}  b4 {[%clk 0:11:35]} 0-1

[Event "45th FIDE Chess Olympiad Open"]
[Site "Budapest, Hungary"]
[Date "2024.09.20"]
[Round "9"]
[White "Albornoz Cabrera, Carlos Daniel"]
[Black "Predke, Alexandr"]
[Result "0-1"]
[Board "33"]
[WhiteFideId "3518736"]
[BlackFideId "24107581"]
[WhiteTitle "GM"]
[BlackTitle "GM"]
[WhiteElo "2579"]
[BlackElo "2671"]
[WhiteTeam "Cuba"]
[BlackTeam "Serbia"]
[WhiteClock "0:04:04"]
[BlackClock "0:06:24"]
[Variant "Standard"]

1. e4 {[%clk 1:30:59]}  e5 {[%clk 1:29:59]} 2. Nf3 {[%clk 1:31:24]}  Nc6 {[%clk 1:30:25]} 3. Bb5 {[%clk 1:31:51]}  a6 {[%clk 1:30:51]} 4. Ba4 {[%clk 1:32:19]}  Nf6 {[%clk 1:31:16]} 5. O-O {[%clk 1:32:46]}  b5 {[%clk 1:31:39]} 6. Bb3 {[%clk 1:33:12]}  Bc5 {[%clk 1:32:05]} 7. c3 {[%clk 1:33:24]}  d6 {[%clk 1:32:28]} 8. d4 {[%clk 1:33:46]}  Bb6 {[%clk 1:32:54]} 9. Re1 {[%clk 1:34:14]}  O-O {[%clk 1:31:39]} 10. Bg5 {[%clk 1:33:59]}  h6 {[%clk 1:31:58]} 11. Bh4 {[%clk 1:34:20]}  Re8 {[%clk 1:31:57]} 12. Qd3 {[%clk 1:25:18]}  Na5 {[%clk 1:28:25]} 13. Bc2 {[%clk 1:22:40]}  c5 {[%clk 1:28:47]} 14. dxc5 {[%clk 1:14:41]}  dxc5 {[%clk 1:29:06]} 15. Qe2 {[%clk 1:12:58]}  c4 {[%clk 1:13:21]} 16. Rd1 {[%clk 1:07:08]}  Qe7 {[%clk 1:12:47]} 17. Nbd2 {[%clk 1:07:11]}  Qe6 {[%clk 1:05:10]} 18. Bg3 {[%clk 1:01:17]}  Bc7 {[%clk 0:48:47]} 19. b4 {[%clk 1:00:31]}  Nc6 {[%clk 0:48:34]} 20. a4 {[%clk 1:00:48]}  Bb7 {[%clk 0:48:27]} 21. Nf1 {[%clk 0:49:35]}  Ne7 {[%clk 0:48:43]} 22. Nh4 {[%clk 0:48:00]}  Qc6 {[%clk 0:42:40]} 23. Re1 {[%clk 0:44:56]}  Rad8 {[%clk 0:30:49]} 24. a5 {[%clk 0:41:16]}  g5 {[%clk 0:29:34]} 25. Nf3 {[%clk 0:41:36]}  Ng6 {[%clk 0:30:00]} 26. Rad1 {[%clk 0:36:17]}  Qe6 {[%clk 0:21:12]} 27. h3 {[%clk 0:30:35]}  Kg7 {[%clk 0:17:33]} 28. Bh2 {[%clk 0:25:01]}  Kh7 {[%clk 0:16:41]} 29. Qe3 {[%clk 0:22:59]}  Qc6 {[%clk 0:11:50]} 30. Ng3 {[%clk 0:19:09]}  Nf4 {[%clk 0:11:38]} 31. Nf5 {[%clk 0:17:47]}  Bc8 {[%clk 0:11:59]} 32. Rxd8 {[%clk 0:17:07]}  Bxd8 {[%clk 0:10:22]} 33. Qa7 {[%clk 0:08:38]}  Qc7 {[%clk 0:09:07]} 34. Qe3 {[%clk 0:08:23]}  Bxf5 {[%clk 0:06:58]} 35. exf5 {[%clk 0:08:52]}  Qc6 {[%clk 0:07:00]} 36. Qa7 {[%clk 0:07:16]}  Re7 {[%clk 0:06:54]} 37. Qe3 {[%clk 0:06:51]}  Bc7 {[%clk 0:06:25]} 38. h4 {[%clk 0:02:42]}  Kg7 {[%clk 0:06:53]} 39. hxg5 {[%clk 0:02:41]}  hxg5 {[%clk 0:07:20]} 40. Bxf4 {[%clk 0:00:36]}  gxf4 {[%clk 0:07:33]} 41. Qd2 {[%clk 0:23:08]}  e4 {[%clk 0:28:06]} 42. Ng5 {[%clk 0:22:10]}  e3 {[%clk 0:16:57]} 43. fxe3 {[%clk 0:20:56]}  fxe3 {[%clk 0:15:28]} 44. Rxe3 {[%clk 0:18:11]}  Bf4 {[%clk 0:10:52]} 45. Ne6+ {[%clk 0:18:37]}  fxe6 {[%clk 0:11:14]} 46. Rg3+ {[%clk 0:19:03]}  Bxg3 {[%clk 0:11:40]} 47. Qg5+ {[%clk 0:19:31]}  Kf8 {[%clk 0:09:40]} 48. Qxf6+ {[%clk 0:19:40]}  Rf7 {[%clk 0:09:05]} 49. Qh6+ {[%clk 0:19:13]}  Kg8 {[%clk 0:06:46]} 50. f6 {[%clk 0:04:36]}  Qd6 {[%clk 0:07:11]} 51. Qh5 {[%clk 0:04:04]}  Rxf6 {[%clk 0:06:24]} 0-1

[Event "45th FIDE Chess Olympiad Open"]
[Site "Budapest, Hungary"]
[Date "2024.09.20"]
[Round "9"]
[White "Sarana, Alexey"]
[Black "Quesada Perez, Luis Ernesto"]
[Result "1/2-1/2"]
[Board "34"]
[WhiteFideId "24133795"]
[BlackFideId "3520773"]
[WhiteTitle "GM"]
[BlackTitle "GM"]
[WhiteElo "2713"]
[BlackElo "2578"]
[WhiteTeam "Serbia"]
[BlackTeam "Cuba"]
[WhiteClock "0:37:29"]
[BlackClock "0:24:16"]
[Variant "Standard"]

1. d4 {[%clk 1:30:59]}  d5 {[%clk 1:30:47]} 2. c4 {[%clk 1:31:23]}  c6 {[%clk 1:31:07]} 3. Nf3 {[%clk 1:31:30]}  Nf6 {[%clk 1:31:31]} 4. Nc3 {[%clk 1:31:50]}  e6 {[%clk 1:31:33]} 5. Bg5 {[%clk 1:31:52]}  h6 {[%clk 1:28:23]} 6. Bh4 {[%clk 1:30:48]}  dxc4 {[%clk 1:28:37]} 7. e4 {[%clk 1:31:13]}  g5 {[%clk 1:29:02]} 8. Bg3 {[%clk 1:31:34]}  b5 {[%clk 1:29:28]} 9. Be2 {[%clk 1:31:23]}  Nbd7 {[%clk 1:29:09]} 10. Nd2 {[%clk 1:26:25]}  Bb7 {[%clk 1:26:07]} 11. Qc2 {[%clk 1:17:36]}  Qb6 {[%clk 1:22:52]} 12. a4 {[%clk 1:13:43]}  a6 {[%clk 1:15:06]} 13. Rd1 {[%clk 1:11:11]}  h5 {[%clk 0:54:15]} 14. h4 {[%clk 1:04:29]}  Rg8 {[%clk 0:53:33]} 15. e5 {[%clk 1:01:33]}  Nd5 {[%clk 0:48:50]} 16. hxg5 {[%clk 0:56:05]}  c5 {[%clk 0:47:53]} 17. axb5 {[%clk 0:43:39]}  axb5 {[%clk 0:47:53]} 18. dxc5 {[%clk 0:37:50]}  Nxc5 {[%clk 0:47:55]} 19. Nde4 {[%clk 0:38:00]}  Nxe4 {[%clk 0:47:52]} 20. Nxe4 {[%clk 0:38:21]}  Bb4+ {[%clk 0:47:45]} 21. Kf1 {[%clk 0:38:07]}  O-O-O {[%clk 0:47:55]} 22. Rxh5 {[%clk 0:33:19]}  Ne7 {[%clk 0:31:48]} 23. Nd6+ {[%clk 0:21:01]}  Bxd6 {[%clk 0:32:11]} 24. exd6 {[%clk 0:20:01]}  Nf5 {[%clk 0:32:35]} 25. Qc3 {[%clk 0:20:08]}  Nxg3+ {[%clk 0:29:36]} 26. Qxg3 {[%clk 0:18:22]}  Bd5 {[%clk 0:28:01]} 27. Rh7 {[%clk 0:14:46]}  Qxd6 {[%clk 0:25:35]} 28. Qxd6 {[%clk 0:15:05]}  Rxd6 {[%clk 0:26:04]} 29. f4 {[%clk 0:15:28]}  Rd7 {[%clk 0:18:49]} 30. Bh5 {[%clk 0:15:52]}  Rf8 {[%clk 0:17:56]} 31. Kf2 {[%clk 0:10:08]}  b4 {[%clk 0:08:26]} 32. Ke3 {[%clk 0:09:18]}  Rc7 {[%clk 0:07:39]} 33. Rc1 {[%clk 0:08:01]}  Bxg2 {[%clk 0:07:13]} 34. g6 {[%clk 0:07:57]}  fxg6 {[%clk 0:07:18]} 35. Rxc7+ {[%clk 0:08:21]}  Kxc7 {[%clk 0:07:39]} 36. Rxc4+ {[%clk 0:08:50]}  Kd6 {[%clk 0:07:58]} 37. Bxg6 {[%clk 0:09:14]}  Rg8 {[%clk 0:06:18]} 38. Be4 {[%clk 0:08:07]}  b3 {[%clk 0:06:15]} 39. Rc6+ {[%clk 0:07:04]}  Kd7 {[%clk 0:06:38]} 40. Rb6 {[%clk 0:07:31]}  Bxe4 {[%clk 0:05:27]} 41. Kxe4 {[%clk 0:07:59]}  Rg3 {[%clk 0:05:46]} 42. Rb4 {[%clk 0:07:19]}  Kc6 {[%clk 0:24:16]} 43. Rb8 {[%clk 0:37:29]} 1/2-1/2

[Event "45th FIDE Chess Olympiad Open"]
[Site "Budapest, Hungary"]
[Date "2024.09.20"]
[Round "9"]
[White "Berdayes Ason, Dylan Isidro"]
[Black "Indjic, Aleksandar"]
[Result "1/2-1/2"]
[Board "35"]
[WhiteFideId "3516016"]
[BlackFideId "911925"]
[WhiteTitle "GM"]
[BlackTitle "GM"]
[WhiteElo "2474"]
[BlackElo "2611"]
[WhiteTeam "Cuba"]
[BlackTeam "Serbia"]
[WhiteClock "0:33:05"]
[BlackClock "0:30:13"]
[Variant "Standard"]

1. d4 {[%clk 1:30:57]}  d5 {[%clk 1:30:08]} 2. c4 {[%clk 1:31:24]}  e6 {[%clk 1:30:20]} 3. Nc3 {[%clk 1:31:52]}  Nf6 {[%clk 1:30:39]} 4. cxd5 {[%clk 1:32:16]}  exd5 {[%clk 1:30:59]} 5. Bg5 {[%clk 1:32:44]}  Be7 {[%clk 1:30:53]} 6. e3 {[%clk 1:33:11]}  h6 {[%clk 1:30:47]} 7. Bh4 {[%clk 1:33:39]}  Bg4 {[%clk 1:30:31]} 8. Qc2 {[%clk 1:33:54]}  O-O {[%clk 1:30:21]} 9. h3 {[%clk 1:34:19]}  Be6 {[%clk 1:30:11]} 10. Nf3 {[%clk 1:31:04]}  Ne8 {[%clk 1:29:05]} 11. Bg3 {[%clk 1:31:32]}  Bd6 {[%clk 1:29:23]} 12. Ne5 {[%clk 1:31:59]}  Nc6 {[%clk 1:29:41]} 13. Bb5 {[%clk 1:32:26]}  Ne7 {[%clk 1:24:20]} 14. Bd3 {[%clk 1:32:53]}  f6 {[%clk 1:21:58]} 15. Bh7+ {[%clk 1:32:45]}  Kh8 {[%clk 1:22:17]} 16. Ng6+ {[%clk 1:33:08]}  Nxg6 {[%clk 1:22:36]} 17. Bxd6 {[%clk 1:33:35]}  Nxd6 {[%clk 1:22:38]} 18. Bxg6 {[%clk 1:34:01]}  c6 {[%clk 1:12:39]} 19. Ne2 {[%clk 1:28:37]}  Qa5+ {[%clk 1:11:51]} 20. Kf1 {[%clk 1:29:02]}  Bf7 {[%clk 0:58:37]} 21. Nf4 {[%clk 1:26:33]}  Rae8 {[%clk 0:59:01]} 22. g4 {[%clk 1:16:42]}  Ne4 {[%clk 0:59:13]} 23. Kg2 {[%clk 1:15:41]}  Kg8 {[%clk 0:59:25]} 24. Rhe1 {[%clk 0:58:38]}  Bxg6 {[%clk 0:58:57]} 25. Nxg6 {[%clk 0:59:04]}  Rf7 {[%clk 0:59:22]} 26. f3 {[%clk 0:56:31]}  Nd6 {[%clk 0:59:45]} 27. b3 {[%clk 0:56:41]}  Nb5 {[%clk 0:42:06]} 28. Re2 {[%clk 0:51:52]}  Qc3 {[%clk 0:32:12]} 29. Qxc3 {[%clk 0:48:59]}  Nxc3 {[%clk 0:32:36]} 30. Ree1 {[%clk 0:49:28]}  Nb5 {[%clk 0:32:56]} 31. h4 {[%clk 0:45:46]}  Rd7 {[%clk 0:32:59]} 32. h5 {[%clk 0:43:02]}  Nd6 {[%clk 0:32:35]} 33. Kf2 {[%clk 0:39:42]}  a5 {[%clk 0:30:51]} 34. a4 {[%clk 0:38:02]}  Rdd8 {[%clk 0:30:53]} 35. Rac1 {[%clk 0:37:56]}  Ra8 {[%clk 0:30:15]} 36. Nf4 {[%clk 0:34:00]}  Re7 {[%clk 0:30:13]} 37. Ng6 {[%clk 0:33:05]} 1/2-1/2

[Event "45th FIDE Chess Olympiad Open"]
[Site "Budapest, Hungary"]
[Date "2024.09.20"]
[Round "9"]
[White "Ivic, Velimir"]
[Black "Miranda Mesa, Elier"]
[Result "1-0"]
[Board "36"]
[WhiteFideId "950122"]
[BlackFideId "3510697"]
[WhiteTitle "GM"]
[BlackTitle "GM"]
[WhiteElo "2599"]
[BlackElo "2512"]
[WhiteTeam "Serbia"]
[BlackTeam "Cuba"]
[WhiteClock "0:29:58"]
[BlackClock "0:13:40"]
[Variant "Standard"]

1. d4 {[%clk 1:30:49]}  d5 {[%clk 1:30:55]} 2. c4 {[%clk 1:31:13]}  c6 {[%clk 1:31:05]} 3. Nf3 {[%clk 1:31:22]}  Nf6 {[%clk 1:31:30]} 4. e3 {[%clk 1:31:25]}  Bf5 {[%clk 1:31:38]} 5. Nc3 {[%clk 1:31:17]}  e6 {[%clk 1:32:03]} 6. Nh4 {[%clk 1:31:16]}  Be4 {[%clk 1:31:30]} 7. f3 {[%clk 1:31:15]}  Bg6 {[%clk 1:31:53]} 8. Bd2 {[%clk 1:31:08]}  Be7 {[%clk 1:27:39]} 9. Nxg6 {[%clk 1:30:37]}  hxg6 {[%clk 1:28:02]} 10. Qc2 {[%clk 1:30:42]}  a6 {[%clk 1:22:05]} 11. O-O-O {[%clk 1:29:55]}  b5 {[%clk 1:10:27]} 12. c5 {[%clk 1:27:42]}  Nbd7 {[%clk 1:10:42]} 13. g4 {[%clk 1:18:56]}  e5 {[%clk 0:58:41]} 14. h4 {[%clk 1:11:50]}  Qc7 {[%clk 0:54:59]} 15. Kb1 {[%clk 1:03:11]}  Nf8 {[%clk 0:49:46]} 16. Be1 {[%clk 0:59:25]}  exd4 {[%clk 0:46:47]} 17. exd4 {[%clk 0:59:49]}  Ne6 {[%clk 0:45:33]} 18. Ne2 {[%clk 0:59:28]}  Nd7 {[%clk 0:40:27]} 19. Bg3 {[%clk 0:54:48]}  Qd8 {[%clk 0:38:02]} 20. Bg2 {[%clk 0:51:23]}  Bxh4 {[%clk 0:29:39]} 21. f4 {[%clk 0:49:06]}  g5 {[%clk 0:29:46]} 22. f5 {[%clk 0:34:29]}  Nc7 {[%clk 0:28:47]} 23. Bd6 {[%clk 0:33:44]}  f6 {[%clk 0:17:55]} 24. Nc3 {[%clk 0:32:38]}  b4 {[%clk 0:16:30]} 25. Qe2+ {[%clk 0:30:39]}  Kf7 {[%clk 0:15:44]} 26. Nxd5 {[%clk 0:29:46]}  Re8 {[%clk 0:13:40]} 27. Qc4 {[%clk 0:29:58]} 1-0

[Event "45th FIDE Chess Olympiad Open"]
[Site "Budapest, Hungary"]
[Date "2024.09.20"]
[Round "9"]
[White "Giri, Anish"]
[Black "Supi, Luis Paulo"]
[Result "1-0"]
[Board "37"]
[WhiteFideId "24116068"]
[BlackFideId "2106388"]
[WhiteTitle "GM"]
[BlackTitle "GM"]
[WhiteElo "2724"]
[BlackElo "2570"]
[WhiteTeam "Netherlands"]
[BlackTeam "Brazil"]
[WhiteClock "0:04:21"]
[BlackClock "0:00:37"]
[Variant "Standard"]

1. Nf3 {[%clk 1:30:58]}  Nf6 {[%clk 1:27:41]} 2. g3 {[%clk 1:29:51]}  g6 {[%clk 1:26:57]} 3. Bg2 {[%clk 1:30:14]}  Bg7 {[%clk 1:27:22]} 4. O-O {[%clk 1:29:53]}  O-O {[%clk 1:27:33]} 5. d4 {[%clk 1:30:17]}  d6 {[%clk 1:27:13]} 6. c4 {[%clk 1:30:40]}  c6 {[%clk 1:25:14]} 7. Nc3 {[%clk 1:30:53]}  Bf5 {[%clk 1:25:34]} 8. Be3 {[%clk 1:31:11]}  Re8 {[%clk 1:11:54]} 9. Rc1 {[%clk 1:30:40]}  Qd7 {[%clk 1:10:45]} 10. Qb3 {[%clk 1:26:11]}  e5 {[%clk 1:07:08]} 11. dxe5 {[%clk 1:22:43]}  dxe5 {[%clk 1:07:07]} 12. Rfd1 {[%clk 1:21:38]}  Qe7 {[%clk 1:03:35]} 13. h3 {[%clk 1:19:13]}  h5 {[%clk 0:57:55]} 14. Ng5 {[%clk 1:10:39]}  Na6 {[%clk 0:47:57]} 15. c5 {[%clk 1:00:39]}  e4 {[%clk 0:43:59]} 16. Rd6 {[%clk 0:49:59]}  Rab8 {[%clk 0:34:06]} 17. Rcd1 {[%clk 0:42:55]}  Nc7 {[%clk 0:15:55]} 18. Ngxe4 {[%clk 0:34:39]}  Bxe4 {[%clk 0:15:24]} 19. Nxe4 {[%clk 0:33:53]}  Nxe4 {[%clk 0:15:47]} 20. Rd7 {[%clk 0:34:20]}  Qe6 {[%clk 0:15:01]} 21. Bxe4 {[%clk 0:21:51]}  Qxb3 {[%clk 0:13:21]} 22. axb3 {[%clk 0:22:20]}  Rxe4 {[%clk 0:08:14]} 23. Rxc7 {[%clk 0:22:45]}  Bxb2 {[%clk 0:07:56]} 24. Rdd7 {[%clk 0:22:39]}  Rb4 {[%clk 0:07:55]} 25. Rxf7 {[%clk 0:22:09]}  Rxb3 {[%clk 0:08:15]} 26. Bf4 {[%clk 0:13:58]}  a5 {[%clk 0:05:18]} 27. e4 {[%clk 0:14:16]}  Re8 {[%clk 0:05:10]} 28. Rfd7 {[%clk 0:12:53]}  g5 {[%clk 0:04:14]} 29. Bd6 {[%clk 0:11:17]}  Rd3 {[%clk 0:02:53]} 30. Rxb7 {[%clk 0:09:57]}  Bd4 {[%clk 0:02:50]} 31. Ra7 {[%clk 0:04:47]}  Rd2 {[%clk 0:01:49]} 32. Rf7 {[%clk 0:04:46]}  a4 {[%clk 0:00:41]} 33. Rf5 {[%clk 0:05:02]}  Kh8 {[%clk 0:00:48]} 34. e5 {[%clk 0:04:42]}  Rc2 {[%clk 0:00:37]} 35. Rff7 {[%clk 0:04:21]} 1-0